Borderless Africa : (Record no. 216550)
[ view plain ]
| 000 -LEADER | |
|---|---|
| fixed length control field | 00827 a2200253 4500 |
| 005 - DATE AND TIME OF LATEST TRANSACTION | |
| control field | 20260409093132.0 |
| 008 - FIXED-LENGTH DATA ELEMENTS--GENERAL INFORMATION | |
| fixed length control field | 260409b |||||||| |||| 00| 0 eng d |
| 020 ## - INTERNATIONAL STANDARD BOOK NUMBER | |
| International Standard Book Number | 9781787389441 |
| 040 ## - CATALOGING SOURCE | |
| Original cataloging agency | LC |
| Transcribing agency | UNZA |
| Description conventions | RDA |
| 050 ## - LIBRARY OF CONGRESS CALL NUMBER | |
| Classification number | HF 1413 |
| Item number | MAN 2024 |
| 100 ## - MAIN ENTRY--PERSONAL NAME | |
| Personal name | Mangeni, Francis |
| Relator term | author |
| 245 ## - TITLE STATEMENT | |
| Title | Borderless Africa : |
| Remainder of title | a sceptics guide to the continental free trade area / |
| Statement of responsibility, etc. | Francis Mangeni and Andreq Mold. |
| 260 ## - PUBLICATION, DISTRIBUTION, ETC. | |
| Place of publication, distribution, etc. | London : |
| Name of publisher, distributor, etc. | C. Hurst & Company, |
| Date of publication, distribution, etc. | 2024. |
| 300 ## - PHYSICAL DESCRIPTION | |
| Extent | xi, 417 pages : |
| Other physical details | illustrations. |
| 336 ## - CONTENT TYPE | |
| CONTENT TYPE | Text |
| 337 ## - MEDIA TYPE | |
| MEDIA TYPE | Unmediated |
| 338 ## - CARRIER TYPE | |
| CARRIER TYPE | Volume |
| 504 ## - BIBLIOGRAPHY, ETC. NOTE | |
| Bibliography, etc. note | Includes bibliographical references and index. |
| 650 ## - SUBJECT ADDED ENTRY--TOPICAL TERM | |
| Source of heading or term | African Continental Free Trade Area |
| 650 ## - SUBJECT ADDED ENTRY--TOPICAL TERM | |
| Source of heading or term | Free trade |
| Geographic subdivision | Africa |
| 650 ## - SUBJECT ADDED ENTRY--TOPICAL TERM | |
| Source of heading or term | International trade |
| Geographic subdivision | Africa |
| 700 ## - ADDED ENTRY--PERSONAL NAME | |
| Personal name | Mold, Andrew |
| Relator term | author |
| 942 ## - ADDED ENTRY ELEMENTS (KOHA) | |
| Koha item type | Book |
| 999 ## - | |
| -- | 216550 |
| -- | 216550 |
| Withdrawn status | Lost status | Source of classification or shelving scheme | Damaged status | Not for loan | Collection code | Home library | Current library | Shelving location | Date acquired | Source of acquisition | Cost, normal purchase price | Total Checkouts | Full call number | Barcode | Date last seen | Copy number | Cost, replacement price | Price effective from | Koha item type |
|---|---|---|---|---|---|---|---|---|---|---|---|---|---|---|---|---|---|---|---|
| Library of Congress Classification | Non-fiction | Main Library | Main Library | On Shelf | 04/08/2026 | Donation | 300.00 | HF 1413 MAN 2024 | 33729006812544 | 04/08/2026 | 1 | 300.00 | 04/08/2026 | Book |